|
|
|
|
| LEADER |
00000nab a2200000 a 4500 |
| 001 |
vtls010119354 |
| 003 |
SK-MaSNL |
| 005 |
20260304155336.0 |
| 008 |
250507c2010 xo ||||||||||||00 b|slo |
| 015 |
|
|
|a SNBRB2010/07
|2 snkbucl
|
| 035 |
|
|
|a (uuid)a3a57683-2b48-4e6b-a103-aa882fe0ef6d
|
| 035 |
|
|
|a urn:nbn:sk:snk-ab1gxf
|
| 035 |
|
|
|a (urnnbn)urn:nbn:sk:snk:ar-003peu
|
| 038 |
|
|
|a SNKBUCL
|
| 040 |
|
|
|a SNKBUCL
|b slo
|c SNKBUCL
|e AACR2
|
| 041 |
0 |
|
|a slo
|
| 044 |
|
|
|a xo
|c SK
|
| 080 |
|
|
|a 343.53:368.022
|2 2001
|
| 080 |
|
|
|a 368.022
|2 2001
|
| 100 |
1 |
|
|a Škriniar, Pavel,
|d 1979-
|4 aut
|9 217125
|
| 245 |
1 |
0 |
|a Všetko je otázkou výšky odmeny
|b podvodné uzatváranie poistných zmlúv s cieľom získať províziu
|c Pavel Škriniar
|
| 650 |
0 |
7 |
|a poistné zmluvy
|2 snkbucl
|9 75707
|
| 650 |
0 |
7 |
|a poistné podvody
|2 snkbucl
|9 1047757
|
| 773 |
0 |
|
|t Investor
|g Roč. XI., máj (2010), s. 27
|x 1335-8235
|
| 850 |
|
|
|a Slovenská národná knižnica
|
| 852 |
|
|
|a Slovenská národná knižnica
|
| 954 |
|
|
|a odborná, vedecká literatúra pôvodná (slovenská)
|2 lita
|
| 958 |
|
|
|a article2022
|
| 958 |
|
|
|a OND
|
| 958 |
|
|
|a EUIPO
|
| 999 |
|
|
|c 2961713
|d 2963643
|